All things in apex legends (season 13) - Statistics

General Stats
  • This quiz has been taken 44 times
    42 since last reset
  • The average score is 74 of 144
Answer Stats
Hint Answer % Correct
Season 0 legend Gibraltar
94%
Season 0 legend Lifeline
94%
Season 1 legend Octane
94%
Season 0 legend Wraith
94%
Season 0 legend Bloodhound
91%
Season 0 legend Caustic
91%
Season 0 legend Bangalore
88%
ammo light
88%
Season 0 legend Pathfinder
88%
Season 4 legend Revenant
88%
Season 11 legend Ash
85%
ammo heavy
85%
Season 7 legend Horizon
85%
Season 0 legend Mirage
85%
Season 10 legend Seer
85%
Season 2 legend Wattson
85%
Season 5 legend Loba
82%
Shotgun mastiff
82%
Assault rifle (AR) R-301
82%
Smg R-99
82%
Season 9 legend Valkyrie
82%
rank bronze
79%
Season 3 legend Crypto
79%
ammo energy
79%
AR flatline
79%
rank gold
79%
Sniper Longbow
79%
Season 12 legend Mad Maggie
79%
Season 13 legend Newcastle
79%
Shotgun peacekeeper
79%
Lmg Rampage
79%
Sniper Sentinel
79%
rank silver
79%
ammo sniper
79%
Lmg Spitfire
79%
Optics 2x bruiser
76%
Smg C.A.R.
76%
rank diamond
76%
Shotgun EVA-8
76%
Season 8 legend Fuse
76%
Shotgun mozambique
76%
Pistol p2020
76%
Pistol Re-45
76%
ammo shotgun
76%
Pistol wingman
76%
Optics 1x
73%
Marksman 30-30 repeater
73%
Optics 3x ranger
73%
Light machine gun (Lmg) Devotion
73%
Marksman G7 scout
73%
AR hemlock
73%
Sniper Kraber
73%
Season 6 legend Rampart
73%
Smg Volt
73%
rank master
70%
Smg Prowler
70%
Marksman Bocek
67%
AR havoc
67%
Healing medkit
67%
grenade thermite grenade
67%
Submachine gun (Smg) Alternator
64%
rank apex predator
64%
grenade arc star
64%
Sniper Charge Rifle
64%
Map king's canyon
64%
Lmg L-star
64%
Healing shield battery
64%
Healing shield cell
64%
Healing syringe
64%
Marksman Triple take
64%
grenade frag grenade
61%
Map olympus
61%
Healing phoenix kit
61%
Extended Mag Extended Energy Mag
58%
Extended Mag Extended Heavy Mag
58%
Extended Mag Extended Light Mag
58%
Extended Mag Extended Sniper Mag
58%
Optics 6x
55%
survival item heat shield
55%
Map storm point
55%
Map world's edge
55%
ammo arrows
48%
survival item mobile respawn beacon
48%
Legendary hop up Skullpiercer
48%
Optics 1x holo
45%
Optics 4x-8x
45%
Attachment barrel stabilizer
45%
Legendary hop up Barrel stabilizer
45%
Other gear Helmet
45%
Optics 1x-2x holo
42%
Optics 1x digital threat
42%
Optics 2x-4x
42%
season name boosted
42%
Other gear evoshield
42%
Other gear backpack
39%
Attachment Standard Stock
39%
Legendary hop up Turbocharger
39%
Other gear knockdown shield
36%
heirloom name kunai
36%
Attachment Shotgun bolt
36%
Attachment Sniper stock
33%
Legendary hop up Boosted loader
30%
heirloom name boxing gloves
27%
heirloom name butterfly knife
27%
Legendary hop up Anvil Receiver
24%
heirloom name death hammer
24%
Epic hop up select fire
21%
heirloom name shock sticks
21%
Other gear ultimate accelerant
21%
heirloom name cold steel
18%
Epic hop up double tap
18%
Epic hop up hammerpoint rounds
18%
Epic hop up kinetic feeder
18%
season name escape
15%
season name fortunes favor
15%
season name legacy
15%
heirloom name raven's bite
15%
Epic hop up shatter caps
15%
Optics 4x-10x digital sniper threat
12%
season name battle charge
12%
Epic hop up Deadeyes tempo
12%
Epic hop up disruptor rounds
12%
season name emergence
12%
season name mayhem
12%
rank platnium
12%
season name saviors
12%
heirloom name too much witt
12%
heirloom name war club
12%
season name ascension
9%
season name assimilation
9%
heirloom name biwon blade
9%
heirloom name dead man's curve
9%
Epic hop up dual shell
9%
season name meltdown
9%
Special item MRVN arm
9%
Epic hop up precision choke
9%
Special item vault key
9%
season name defiance
6%
heirloom name energy reader
6%
heirloom name problem solver
6%
Epic hop up quickdraw holster
6%
season name wild frontier
6%
season name the preseason
3%
heirloom name apex hunter
0%
No matching quizzes found
Score Distribution
Percent of People with Each Score
Percentile by Number Answered
Your Score History
You have not taken this quiz since the last reset